<?xml version="1.0" encoding="UTF-8"?>
<record
    xmlns:xsi="http://www.w3.org/2001/XMLSchema-instance"
    xsi:schemaLocation="http://www.loc.gov/MARC21/slim http://www.loc.gov/standards/marcxml/schema/MARC21slim.xsd"
    xmlns="http://www.loc.gov/MARC21/slim">

  <leader>03467nam a22002537a 4500</leader>
  <controlfield tag="005">20260305172929.0</controlfield>
  <controlfield tag="008">220217b           ||||| |||| 00| 0 eng d</controlfield>
  <datafield tag="020" ind1=" " ind2=" ">
    <subfield code="a">9789390421558</subfield>
  </datafield>
  <datafield tag="040" ind1=" " ind2=" ">
    <subfield code="c">AIMIT LIBRARY</subfield>
  </datafield>
  <datafield tag="082" ind1=" " ind2=" ">
    <subfield code="2">1st</subfield>
    <subfield code="a">658.30015</subfield>
    <subfield code="b">YADR</subfield>
  </datafield>
  <datafield tag="100" ind1=" " ind2=" ">
    <subfield code="a">Yadav, Rama Shankar.</subfield>
    <subfield code="9">20633</subfield>
  </datafield>
  <datafield tag="245" ind1=" " ind2=" ">
    <subfield code="a">HR analytics:</subfield>
    <subfield code="b">connecting data and theory / </subfield>
    <subfield code="c">By Rama Shankar Yadav and Sunil Maheshwari.</subfield>
  </datafield>
  <datafield tag="250" ind1=" " ind2=" ">
    <subfield code="a">1st ed.</subfield>
  </datafield>
  <datafield tag="260" ind1=" " ind2=" ">
    <subfield code="a">New Delhi :</subfield>
    <subfield code="b">Wiley India Pvt Ltd ,</subfield>
    <subfield code="c">2021.</subfield>
  </datafield>
  <datafield tag="300" ind1=" " ind2=" ">
    <subfield code="a">xx,218p. ;</subfield>
    <subfield code="c">24 cm.</subfield>
    <subfield code="b">23.9 cm</subfield>
  </datafield>
  <datafield tag="500" ind1=" " ind2=" ">
    <subfield code="a">HR Analytics: Connecting Data and Theory will help readers hone their HR skills and develop as an effective manager. It lays significant emphasis on the importance of analytics in HRM discipline through its classic blend of theory and application approach. This book serves as a guide for budding HR managers to garner competitive advantage in their functioning and organization at large. The discussion begins from the evolution of HRM as a discipline, shifts from traditional HRM to strategic HRM, and eventually focuses on HR analytics concepts, applications, and its utility for HR and business at large.</subfield>
  </datafield>
  <datafield tag="504" ind1=" " ind2=" ">
    <subfield code="a">Praise for the Book

Preface

Acknowledgments

About the Authors

Chapter 1 Introduction to HR Analytics

1.1 Introduction

1.2 Traditional HRM

1.3 Changing Trends in HRM and Emergence of Strategic HRM

1.4 HR Analytics Phase (2010 Onward)

Chapter 2 Understanding HR Analytics

2.1 Introduction

2.2 How to Conduct a Purposeful Workforce Analytics

2.3 Key Influencers in the HR Analytics Process

2.4 Model for Adoption of HR Analytics

2.5 Application and Status of HR Analytics

Chapter 3 HR Analytics Tools and Techniques

3.1 Importance of Data

3.2 Types of Data

3.3 Data-Capturing Methods

3.4 Data Examination and Purification

3.5 Data Analyzing Techniques

Chapter 4 Usage of HR Analytics

4.1 Introduction

4.2 Recruitment and Selection

4.3 Training and Development

4.4 Performance Appraisal (PA)

4.5 Talent Management

4.6 Employee Engagement

4.7 Compensation Management

4.8 Expatriate Management

Chapter 5 Case Studies on HR Analytics

5.1 Introduction

5.2 Case Study on Recruitment Analytics

5.3 Case Study on Selection Analytics

5.4 Analytics in Training and Development

5.5 Case Study on Analytics in Talent Management

5.6 Case Study on Analytics in Compensation Management

5.7 Analytics in Employee Engagement

5.8 Analytics in International HRM

Chapter 6 Building an HR Analytics Culture

6.1 Current Status of HR Analytics in Organizations

6.2 HR Analytics as a Change-Management Process

6.3 Establishing a Culture of HR Analytics. Build versus Buy Approach

Chapter 7 Future of HR Analytics

7.1 Introduction

7.2 Factors Determining Adoption of HR Analytics

7.3 HR Analytics Adoption: Responsibility of HR Department

7.4 HR Analytics and Job Market

Practical Approach to HR Analytics

Glossary of Terms

Index</subfield>
  </datafield>
  <datafield tag="505" ind1=" " ind2=" ">
    <subfield code="r">About the Author
Dr. Rama Shankar Yadav is a faculty in the area of Human Resource Management at the Indian Institute of Management Rohtak (IIM-R). Dr. Yadav has published book chapters, research papers</subfield>
  </datafield>
  <datafield tag="650" ind1=" " ind2=" ">
    <subfield code="a">Understanding HR analytics.</subfield>
    <subfield code="9">20637</subfield>
  </datafield>
  <datafield tag="650" ind1=" " ind2=" ">
    <subfield code="a">Usage of HR analytics.</subfield>
    <subfield code="9">20638</subfield>
  </datafield>
  <datafield tag="650" ind1=" " ind2=" ">
    <subfield code="a">Building an HR analytics culture.</subfield>
    <subfield code="9">20639</subfield>
  </datafield>
  <datafield tag="700" ind1=" " ind2=" ">
    <subfield code="a">Maheshwari, Sunil.</subfield>
    <subfield code="9">20634</subfield>
  </datafield>
  <datafield tag="942" ind1=" " ind2=" ">
    <subfield code="2">ddc</subfield>
    <subfield code="c">BK</subfield>
    <subfield code="e">1st </subfield>
    <subfield code="k">658.30015 YADR</subfield>
  </datafield>
  <datafield tag="999" ind1=" " ind2=" ">
    <subfield code="c">221551</subfield>
    <subfield code="d">221551</subfield>
  </datafield>
  <datafield tag="952" ind1=" " ind2=" ">
    <subfield code="0">0</subfield>
    <subfield code="1">0</subfield>
    <subfield code="2">ddc</subfield>
    <subfield code="4">0</subfield>
    <subfield code="7">0</subfield>
    <subfield code="8">MBA</subfield>
    <subfield code="a">AIMIT</subfield>
    <subfield code="b">AIMIT</subfield>
    <subfield code="c">ANLTC</subfield>
    <subfield code="d">2022-02-17</subfield>
    <subfield code="e">Biblios Book Point</subfield>
    <subfield code="g">1050.00</subfield>
    <subfield code="i">Bill no:5811; Bill dt:2022-02-11</subfield>
    <subfield code="l">0</subfield>
    <subfield code="o">658.30015 YADR</subfield>
    <subfield code="p">MBA14266</subfield>
    <subfield code="r">2025-07-21 00:00:00</subfield>
    <subfield code="v">840.00</subfield>
    <subfield code="w">2022-02-16</subfield>
    <subfield code="y">BK</subfield>
  </datafield>
  <datafield tag="952" ind1=" " ind2=" ">
    <subfield code="0">0</subfield>
    <subfield code="1">0</subfield>
    <subfield code="2">ddc</subfield>
    <subfield code="4">0</subfield>
    <subfield code="7">0</subfield>
    <subfield code="8">MBA</subfield>
    <subfield code="a">AIMIT</subfield>
    <subfield code="b">AIMIT</subfield>
    <subfield code="c">ANLTC</subfield>
    <subfield code="d">2022-02-17</subfield>
    <subfield code="e">Biblios Book Point</subfield>
    <subfield code="g">1050.00</subfield>
    <subfield code="i">Bill no:5811; Bill dt:2022-02-11</subfield>
    <subfield code="l">0</subfield>
    <subfield code="o">658.30015 YADR</subfield>
    <subfield code="p">MBA14267</subfield>
    <subfield code="r">2025-07-21 00:00:00</subfield>
    <subfield code="v">840.00</subfield>
    <subfield code="w">2022-02-16</subfield>
    <subfield code="y">BK</subfield>
  </datafield>
  <datafield tag="952" ind1=" " ind2=" ">
    <subfield code="0">0</subfield>
    <subfield code="1">0</subfield>
    <subfield code="2">ddc</subfield>
    <subfield code="4">0</subfield>
    <subfield code="7">0</subfield>
    <subfield code="8">MBA</subfield>
    <subfield code="a">AIMIT</subfield>
    <subfield code="b">AIMIT</subfield>
    <subfield code="c">ANLTC</subfield>
    <subfield code="d">2022-02-17</subfield>
    <subfield code="e">Biblios Book Point</subfield>
    <subfield code="g">1050.00</subfield>
    <subfield code="i">Bill no:5811; Bill dt:2022-02-11</subfield>
    <subfield code="l">0</subfield>
    <subfield code="o">658.30015 YADR</subfield>
    <subfield code="p">MBA14268</subfield>
    <subfield code="r">2025-07-21 00:00:00</subfield>
    <subfield code="v">840.00</subfield>
    <subfield code="w">2022-02-16</subfield>
    <subfield code="y">BK</subfield>
  </datafield>
  <datafield tag="952" ind1=" " ind2=" ">
    <subfield code="0">0</subfield>
    <subfield code="1">0</subfield>
    <subfield code="2">ddc</subfield>
    <subfield code="4">0</subfield>
    <subfield code="7">0</subfield>
    <subfield code="8">MBA</subfield>
    <subfield code="a">AIMIT</subfield>
    <subfield code="b">AIMIT</subfield>
    <subfield code="c">ANLTC</subfield>
    <subfield code="d">2022-02-17</subfield>
    <subfield code="e">Biblios Book Point</subfield>
    <subfield code="g">1050.00</subfield>
    <subfield code="i">Bill no:5811; Bill dt:2022-02-11</subfield>
    <subfield code="l">1</subfield>
    <subfield code="o">658.30015 YADR</subfield>
    <subfield code="p">MBA14269</subfield>
    <subfield code="r">2025-07-21 00:00:00</subfield>
    <subfield code="s">2023-02-09</subfield>
    <subfield code="v">840.00</subfield>
    <subfield code="w">2022-02-16</subfield>
    <subfield code="y">BK</subfield>
  </datafield>
  <datafield tag="952" ind1=" " ind2=" ">
    <subfield code="0">0</subfield>
    <subfield code="1">0</subfield>
    <subfield code="2">ddc</subfield>
    <subfield code="4">0</subfield>
    <subfield code="7">0</subfield>
    <subfield code="8">MBA</subfield>
    <subfield code="a">AIMIT</subfield>
    <subfield code="b">AIMIT</subfield>
    <subfield code="c">ANLTC</subfield>
    <subfield code="d">2022-02-17</subfield>
    <subfield code="e">Biblios Book Point</subfield>
    <subfield code="g">1050.00</subfield>
    <subfield code="i">Bill no:5811; Bill dt:2022-02-11</subfield>
    <subfield code="l">3</subfield>
    <subfield code="o">658.30015 YADR</subfield>
    <subfield code="p">MBA14270</subfield>
    <subfield code="r">2025-07-21 00:00:00</subfield>
    <subfield code="s">2024-07-12</subfield>
    <subfield code="v">840.00</subfield>
    <subfield code="w">2022-02-16</subfield>
    <subfield code="y">BK</subfield>
  </datafield>
  <datafield tag="952" ind1=" " ind2=" ">
    <subfield code="0">0</subfield>
    <subfield code="1">0</subfield>
    <subfield code="2">ddc</subfield>
    <subfield code="4">0</subfield>
    <subfield code="7">0</subfield>
    <subfield code="8">MBA</subfield>
    <subfield code="a">AIMIT</subfield>
    <subfield code="b">AIMIT</subfield>
    <subfield code="c">ANLTC</subfield>
    <subfield code="d">2026-02-12</subfield>
    <subfield code="e">SK Publishers &amp; Distributors</subfield>
    <subfield code="g">1019.00</subfield>
    <subfield code="i">Bill no:SKP4043;Bill dt:2026-2-2</subfield>
    <subfield code="l">0</subfield>
    <subfield code="o">658.30015 YADR</subfield>
    <subfield code="p">MBA15258</subfield>
    <subfield code="r">2026-02-17 12:45:54</subfield>
    <subfield code="v">764.25</subfield>
    <subfield code="w">2026-02-17</subfield>
    <subfield code="y">BK</subfield>
  </datafield>
</record>
